| 000 | 00547nam a2200181Ia 4500 | ||
|---|---|---|---|
| 003 | GCL | ||
| 008 | 140319s9999 xx 000 0 eng d | ||
| 040 |
_aGCL / _cGCL |
||
| 082 | 0 | 4 |
_a382 _bS G |
| 100 | 1 | _aSAMIHA FAWZY | |
| 245 | 1 | 0 |
_aGLOBALIZATION AND FIRM COMPETITIVENESS IN THE MIDDEL EAST AND NORTH AFRICA REGION / _cSAMIHA FAWZY |
| 260 |
_aنيويورك : _bTHE WORLD BANK ، _c2002 |
||
| 300 |
_a22 CM ؛ _c287 P |
||
| 650 | 0 | 4 | _aINTERNATIONAL TRADE |
| 650 | 0 | 4 | _aINTERNATIONAL ECONOMIC RELATIONS |
| 650 | 0 | 4 | _aMARKETING |
| 942 |
_2ddc _cBK |
||
| 999 |
_c5722 _d5722 |
||